Before the frost / (Record no. 123)
[ view plain ]
| 000 -LEADER | |
|---|---|
| fixed length control field | 01168cam a2200349 a 4500 |
| 001 - CONTROL NUMBER | |
| control field | 4233980 |
| 005 - DATE AND TIME OF LATEST TRANSACTION | |
| control field | 20200421093819.0 |
| 008 - FIXED-LENGTH DATA ELEMENTS--GENERAL INFORMATION | |
| fixed length control field | 040907r20052004enkb 000 1 eng |
| 015 ## - NATIONAL BIBLIOGRAPHY NUMBER | |
| National bibliography number | GBA500408 |
| Source | bnb |
| 016 7# - NATIONAL BIBLIOGRAPHIC AGENCY CONTROL NUMBER | |
| Record control number | 013073831 |
| Source | Uk |
| 020 ## - INTERNATIONAL STANDARD BOOK NUMBER | |
| International Standard Book Number | 9780099459040 (pbk.) |
| 020 ## - INTERNATIONAL STANDARD BOOK NUMBER | |
| International Standard Book Number | 0099459043 (pbk.) |
| 035 ## - SYSTEM CONTROL NUMBER | |
| System control number | (OCoLC)ocm60511814 |
| 035 ## - SYSTEM CONTROL NUMBER | |
| System control number | (OCoLC)60511814 |
| 040 ## - CATALOGING SOURCE | |
| Original cataloging agency | UKM |
| Transcribing agency | UKM |
| Modifying agency | YDXCP |
| -- | PL# |
| -- | OCLCQ |
| -- | OCLCG |
| -- | NLE |
| 041 1# - LANGUAGE CODE | |
| Language code of text/sound track or separate title | eng |
| Language code of original | swe |
| 042 ## - AUTHENTICATION CODE | |
| Authentication code | ukblsr |
| 043 ## - GEOGRAPHIC AREA CODE | |
| Geographic area code | e-sw--- |
| 049 ## - LOCAL HOLDINGS (OCLC) | |
| Holding library | NLES |
| 082 04 - DEWEY DECIMAL CLASSIFICATION NUMBER | |
| Classification number | 839.7374 |
| Edition information | 22 |
| 100 1# - MAIN ENTRY--PERSONAL NAME | |
| Personal name | Mankell, Henning, |
| Dates associated with a name | 1948- |
| 9 (RLIN) | 522 |
| 240 10 - UNIFORM TITLE | |
| Uniform title | Innan frosten. |
| Language of a work | English |
| 245 10 - TITLE STATEMENT | |
| Title | Before the frost / |
| Statement of responsibility, etc. | Henning Mankell ; translated from the Swedish by Ebba Segerberg. |
| 260 ## - PUBLICATION, DISTRIBUTION, ETC. | |
| Place of publication, distribution, etc. | London : |
| Name of publisher, distributor, etc. | Vintage, |
| Date of publication, distribution, etc. | 2005, c2004. |
| 300 ## - PHYSICAL DESCRIPTION | |
| Extent | 470 p. : |
| Other physical details | 1 map ; |
| Dimensions | 18 cm. |
| 500 ## - GENERAL NOTE | |
| General note | Originally published in Swedish as: Innan frosten. Stockholm : Leopard, 2002. |
| 500 ## - GENERAL NOTE | |
| General note | Translation originally published: London : Harvill, 2004. |
| 650 #0 - SUBJECT ADDED ENTRY--TOPICAL TERM | |
| Topical term or geographic name entry element | Wallander, Kurt (Fictitious character) |
| Form subdivision | Fiction. |
| 9 (RLIN) | 523 |
| 650 #0 - SUBJECT ADDED ENTRY--TOPICAL TERM | |
| Topical term or geographic name entry element | Police |
| Geographic subdivision | Sweden |
| Form subdivision | Fiction. |
| 9 (RLIN) | 377 |
| 655 #0 - INDEX TERM--GENRE/FORM | |
| Genre/form data or focus term | Detective and mystery stories. |
| 9 (RLIN) | 376 |
| 942 ## - ADDED ENTRY ELEMENTS (KOHA) | |
| Source of classification or shelving scheme | Dewey Decimal Classification |
| Koha item type | Books |
| Withdrawn status | Lost status | Damaged status | Not for loan | Collection | Home library | Current library | Shelving location | Date acquired | Barcode | Date last seen | Price effective from | Koha item type |
|---|---|---|---|---|---|---|---|---|---|---|---|---|
| Reference | Centerville | Centerville | General stacks | 09/04/2014 | 39999000004915 | 09/04/2014 | 09/04/2014 | Books |